| 000 | 00342 a2200133 4500 | ||
|---|---|---|---|
| 005 | 20250317133916.0 | ||
| 020 | _a0-255-36320-6 | ||
| 082 | _a382.91 MIG | ||
| 100 | _aMIGUE, J. L. | ||
| 245 | _aFederalism and Free Trade | ||
| 260 |
_aLondon, _bInstitute of Economic Affairs (IEA) _c1993. |
||
| 300 |
_a79p. _bReferences. _c21cm. |
||
| 942 |
_2ddc _cBKS |
||
| 999 |
_c798 _d798 |
||